书目信息 |
| 题名: |
教育学心理学教材纲要
|
|
| 作者: | ;河北省教委师范教育处 , 河北教育社 主编 | |
| 分册: | ||
| 出版信息: | 北京 中国农业出版社 1987 |
|
| 页数: | 234页 | |
| 开本: | 20cm | |
| 丛书名: | ||
| 单 册: | ||
| 中图分类: | G40 , B84 | |
| 科图分类: | 38.103 | |
| 主题词: | 心理学 , 教育学 | |
| 电子资源: | ||
| ISBN: | 7-109-00263-2 | |
| 000 | 00872nam0 2200277 45 | |
| 001 | 0195020337 | |
| 005 | 20070707153929.82 | |
| 010 | @a7-109-00263-2@dCNY1.27 | |
| 091 | @b7144·4 | |
| 100 | @a19950509d1987 em y0chiy0121 ea | |
| 101 | 0 | @achi |
| 102 | @aCN@b110000 | |
| 102 | @aCN@b110000 | |
| 105 | @ay z 001yy | |
| 200 | 10 | @a教育学心理学教材纲要@Ajiao yu xue xin li xue jiao cai gang yao@f河北省教委师范教育处,河北教育社主编@Fhe bei sheng jiao wei shi fan jiao yu chu,he bei jiao yu she zhu bian |
| 210 | @a北京@c中国农业出版社@d1987 | |
| 215 | @a234页@d20cm | |
| 606 | @a心理学 | |
| 606 | @a教育学 | |
| 690 | @aG40 | |
| 690 | @aB84 | |
| 692 | @a38.103 | |
| 711 | 02 | @a河北省教委师范教育处@Ahe bei sheng jiao wei shi fan jiao yu chu@4主编 |
| 711 | 02 | @a河北教育社@Ahe bei jiao yu she@4主编 |
| 801 | 0 | @aCN@bTSSF@c20070707 |
| 905 | @a10447@dB84@e793 | |
| 教育学心理学教材纲要/河北省教委师范教育处,河北教育社主编.-北京:中国农业出版社,1987 |
| 234页;20cm |
| ISBN 7-109-00263-2:CNY1.27 |
| ● |
| 相关链接 |
|
|
|
|
正题名:教育学心理学教材纲要
索取号:B84/793
 
预约/预借
| 序号 | 登录号 | 条形码 | 馆藏地/架位号 | 状态 | 备注 |
| 1 | 0766725 | 207667256 | 第一样本阅览室/ [索取号:B84/793] | 在馆 |